000 00621nam a2200181Ia 4500
003 GCL
008 140319s9999 xx 000 0 ara d
040 _aGCL /
_cGCL
082 0 4 _aد
_b050
100 1 _aاحمد محمد المعتوق
245 1 0 _aالحصيلة اللغوية:اهميتها-مصادرها-وسائل تنميتها (عالم المعرفة 212) /
_cاحمد محمد المعتوق
300 _a380 ص
490 _aعالم المعرفة
_v0
650 0 4 _aاللغات
650 0 4 _aاللغة العربية - علم
650 0 4 _aاللغة العربية - دراسات
942 _2ddc
_cBK
999 _c47321
_d47321